00891nam a22001937a 4500003000900000008004100009040007100050082002500121110004500146245007200191260006100263300002800324505023500352650002100587650001900608650001600627700003000643700002400673AR-CdUCM190304b ||||| |||| 00| 0 spa d aMUNICIPALIDAD PROVINCIAL DEL CUSCOcBIBLIOTECA MUNICIPAL DEL CUSCO a347.5 /bUN58 / 1948 aUniversidad Nacional Mayor de San Marcos aLa universidad y el pueblo :bConferencia de extensión cultural / aLima :bUniversidad Nacional Mayor de San Marcos,c1948. a298 páginas ;c20 cm. aContenido: t.4. Personalidad y pena -- Los problemas políticos de indulto -- Los problemas jurídicos del indulto -- La delincuencia de los menores y la guerra -- El delincuente constitucional -- El delincuente patológico ... aCultura nacional aOrganizaciones aUniversidad aJiménez de Asúa, Luis aRuiz Funes, Mariano